| 000 | 00827cam a2200217 4500 | ||
|---|---|---|---|
| 001 | ABS61834 | ||
| 008 | 000000n2000 000 0 eng u | ||
| 035 | _a(Sirsi) u103823 | ||
| 245 | _aAgents of gloom | ||
| 260 | _c2000 | ||
| 490 |
_aProperty Week _v65(2) 14 January 2000, 32-34(3) |
||
| 520 | _aDiscusses the results of research by Property Week and the Property Forum into occupiers views on agents. The overwhelming response was that occupiers are dissatisfied with the service provided by surveying firms and see the importance of agents diminishing in the future. Statistics. | ||
| 590 | _aABS | ||
| 650 | _aOCCUPIERS | ||
| 650 | _aSURVEYING FIRMS | ||
| 650 | _aAGENTS | ||
| 650 | _aOCCUPIERS NEEDS | ||
| 650 | _aCLIENT NEEDS | ||
| 690 | _aMANAGEMENT-BUSINESS MANAGEMENT-PROFESSIONAL PRACTICE | ||
| 942 | _n0 | ||
| 999 |
_c62344 _d62344 |
||